000 00380 a2200169 4500
001 175514
020 _a85-262-3670-9
040 _cMagnum
100 _aVasconcellos, Jacqueline Rauter de
240 1 0 _aCiência & sociedade 5
_lpor
245 1 0 _aCiência & sociedade 5
300 _a358
362 0 _a2000
440 1 _aScipione
697 _aCIÊNCIAS PURAS
942 _cBK
999 _c175514
_d175514